[Event "45th Olympiad Budapest 2024"]
[Site "Budapest"]
[Date "2024.09.13"]
[Round "3"]
[Board "2"]
[White "Torres Hernandez, Leslie Carolin"]
[Black "Manova, Ivana"]
[Result "1/2-1/2"]
[WhiteElo "1891"]
[BlackElo "2032"]
[PlyCount "118"]
[EventDate "2024.09.11"]
[EventType "team-tourn"]
[EventRounds "11"]
[EventCountry "HUN"]
[WhiteTeam "Honduras"]
[BlackTeam "North Macedonia"]
[WhiteTeamCountry "HON"]

1. e4 {[%emt 0:00:30]} e5 {[%emt 0:00:57]} 2. Nf3 {[%emt 0:00:11]} Nc6 {[%emt 0:00:15]} 3. Bb5 {[%emt 0:00:44]} a6 {[%emt 0:00:05]} 4. Ba4 {[%emt 0:00:06]} Nf6 {[%emt 0:00:03]} 5. O-O {[%emt 0:00:23]} Be7 {[%emt 0:00:16]} 6. d3 {[%emt 0:00:26]} b5 {[%emt 0:00:13]} 7. Bb3 {[%emt 0:00:09]} d6 {[%emt 0:00:05]} 8. h3 {[%emt 0:00:07]} Na5 {[%emt 0:00:29]} 9. Re1 {[%emt 0:03:06]} O-O {[%emt 0:05:10]} 10. Nbd2 {[%emt 0:01:10]} Nxb3 {[%emt 0:02:03]} ({RR} 10... Re8 11. Nf1 h6 12. c3 Nxb3 13. axb3 Bf8 14. Ng3 c6 15. d4 Qc7 16. Bd2 Bd7 17. Qc2 c5 18. d5 a5 19. c4 Reb8 20. cxb5 Rxb5 21. Bc3 Be7 22. Nd2 Ne8 23. Nc4 Bd8 24. Nf1 Ra6 25. Ra3 {0-1 Chirila,I (2531)-Friedel,J (2518) USA tt ICC INT 2011 (8)}) 11. axb3 {[%emt 0:00:13]} c5 {[%emt 0:02:10]} 12. Nf1 {[%emt 0:00:33]} Re8 {[%emt 0:08:40]} ({RR} 12... h6 13. Ne3 Be6 14. Bd2 Nh7 15. Qe2 f5 16. exf5 Bxf5 17. Nxf5 Rxf5 18. Qe4 Rf7 19. Ra2 Qc8 20. Rea1 Nf6 21. Qg6 Nd5 22. c4 bxc4 23. bxc4 Nf4 24. Bxf4 Rxf4 25. Nd2 Rf6 26. Qe4 Kh8 27. Qd5 {1-0 Liu,X (2377)-Tologontegin,S (2394) Titled Tue 6th Dec Early 2022 (9)}) 13. c4 $146 {[%emt 0:08:13]} ({RR} 13. Ng3 g6 14. Nh2 Qc7 15. Qe2 Bf8 16. c4 Bb7 17. Bg5 Bg7 18. Qd2 Rf8 19. f4 exf4 20. Qxf4 Nd7 21. Ng4 Bxb2 22. Nh6+ Kg7 23. Be7 Bxa1 24. Rxa1 Rae8 25. Nh5+ gxh5 26. Qg5+ Kh8 27. Bf6+ Nxf6 {1-0 Krokay,U (1945)-Pajeken,J (1746) Berlin Spring op-A 2014 (3)}) ({RR} 13. Bd2 Bf8 14. Bg5 h6 15. Be3 Bb7 16. Ng3 d5 17. exd5 Qxd5 18. Qd2 Rad8 19. Qc3 Qe6 20. Nd2 Nd5 21. Qa5 Qc6 22. f3 Nxe3 23. Rxe3 c4 24. b4 cxd3 25. cxd3 Qc2 26. Nde4 Qxb2 27. Nc5 Qd4 {0-1 Peker,S (1679)-Zeytinoglu,N (1928) TUR-ch Kemer 2011 (8)}) ({RR} 13. Bg5 h6 14. Bd2 Bf8 15. Ne3 g6 16. Nd5 Nxd5 17. exd5 Bb7 18. c4 Kh7 19. Nh2 Be7 20. Ng4 Bg5 21. Qc1 Bxd2 22. Qxd2 g5 23. f3 Bc8 24. Ne3 Bd7 25. Qf2 Qf6 26. Nf1 Bf5 27. Qe2 Reb8 {1-0 Samiha,C (1337)-Kazi Zarin,T (1567) Asia zt 3.2 (Women) 2019 (2)}) 13... Bd7 {[%emt 0:07:09]} 14. Ne3 {[%emt 0:02:26]} g6 {[%emt 0:05:55]} 15. g4 {[%emt 0:06:55]} h6 {[%emt 0:12:30]} 16. Nh2 {[%emt 0:07:11]} Bc6 {[%emt 0:10:28]} 17. Qf3 {[%emt 0:02:01]} Nh7 {[%emt 0:01:14]} 18. Ng2 {[%emt 0:03:29]} Bg5 {[%emt 0:00:58]} 19. Qg3 {[%emt 0:00:50]} Qf6 {[%emt 0:11:12]} 20. h4 {[%emt 0:03:15]} Bxc1 {[%emt 0:00:14]} 21. Raxc1 {[%emt 0:00:21]} a5 {[%emt 0:05:52]} 22. Rc2 {[%emt 0:01:36]} a4 {[%emt 0:01:18]} 23. bxa4 {[%emt 0:00:08]} Rxa4 {[%emt 0:00:49]} 24. Qe3 {[%emt 0:03:17]} Kg7 {[%emt 0:04:36]} 25. Rf1 {[%emt 0:05:09]} Rea8 {[%emt 0:07:30]} 26. f4 {[%emt 0:01:47]} exf4 {[%emt 0:03:52]} 27. Rxf4 {[%emt 0:01:20]} Ra1+ {[%emt 0:03:49]} 28. Nf1 {[%emt 0:00:29]} Qe5 {[%emt 0:01:04]} 29. Rcf2 {[%emt 0:00:38]} R8a7 {[%emt 0:00:18]} 30. Qf3 {[%emt 0:00:56]} Qe6 {[%emt 0:00:46]} 31. Nge3 {[%emt 0:00:51]} bxc4 {[%emt 0:02:59]} 32. dxc4 {[%emt 0:01:41]} R1a4 {[%emt 0:02:19]} 33. Nd2 {[%emt 0:00:42]} Rb4 {[%emt 0:01:09]} 34. b3 {[%emt 0:00:52]} Re7 {[%emt 0:00:30]} 35. Nd5 {[%emt 0:04:47]} Bxd5 {[%emt 0:00:04]} 36. exd5 {[%emt 0:00:20]} Qe1+ {[%emt 0:00:25]} 37. Kg2 {[%emt 0:00:59]} Rbb7 {[%emt 0:01:01]} 38. Ne4 {[%emt 0:00:50]} Rbd7 {[%emt 0:00:32]} 39. Nxd6 {[%emt 0:01:20]} f6 {[%emt 0:00:34]} 40. Ne4 {[%emt 0:01:45]} g5 {[%emt 0:00:19]} 41. hxg5 {[%emt 0:03:43]} hxg5 {[%emt 0:02:10]} 42. Rxf6 {[%emt 0:07:00]} Qxe4 {[%emt 0:00:46]} 43. Rc6 {[%emt 0:00:37]} Qe5 {[%emt 0:18:02]} 44. Qd3 {[%emt 0:04:02]} Qe4+ {[%emt 0:00:41]} 45. Qxe4 {[%emt 0:00:47]} Rxe4 {[%emt 0:00:01]} 46. Kg3 {[%emt 0:01:05]} Re3+ {[%emt 0:01:23]} 47. Rf3 {[%emt 0:00:16]} Rxf3+ {[%emt 0:03:01]} 48. Kxf3 {[%emt 0:00:06]} Nf6 {[%emt 0:01:50]} 49. Rxc5 {[%emt 0:00:32]} Rb7 {[%emt 0:00:12]} 50. Rb5 {[%emt 0:10:34]} Rxb5 {[%emt 0:00:16]} 51. cxb5 {[%emt 0:00:01]} Nxd5 {[%emt 0:00:21]} 52. Ke4 {[%emt 0:00:16]} Nc3+ {[%emt 0:01:46]} 53. Kf5 {[%emt 0:00:10]} Nxb5 {[%emt 0:00:19]} 54. Kxg5 {[%emt 0:00:10]} Nd4 {[%emt 0:01:21]} 55. b4 {[%emt 0:00:31]} Nb5 {[%emt 0:00:16]} 56. Kf5 {[%emt 0:00:20]} Nd4+ {[%emt 0:00:33]} 57. Ke4 {[%emt 0:00:20]} Nb5 {[%emt 0:00:12]} 58. Kd5 {[%emt 0:00:25]} Kg6 {[%emt 0:01:34]} 59. Kc4 {[%emt 0:01:55]} Na3+ {[%emt 0:00:32]} 1/2-1/2

[Event "45th Olympiad Budapest 2024"]
[Site "Budapest"]
[Date "2024.09.13"]
[Round "3"]
[Board "2"]
[White "Zvereva, Marija"]
[Black "Raharimanana, Faratiana"]
[Result "1-0"]
[WhiteElo "2035"]
[BlackElo "1815"]
[PlyCount "79"]
[EventDate "2024.09.11"]
[EventType "team-tourn"]
[EventRounds "11"]
[EventCountry "HUN"]
[WhiteTeam "Monaco"]
[BlackTeam "Madagascar"]
[WhiteTeamCountry "MNC"]
[BlackTeamCountry "MAD"]

1. e4 {[%emt 0:00:07]} c5 {[%emt 0:00:10]} 2. Nf3 {[%emt 0:00:28]} Nc6 {[%emt 0:00:19]} 3. g3 {[%emt 0:00:18]} g6 {[%emt 0:00:49]} 4. Bg2 {[%emt 0:00:26]} Bg7 {[%emt 0:00:49]} 5. O-O {[%emt 0:00:32]} Nf6 {[%emt 0:01:07]} 6. Re1 {[%emt 0:00:38]} O-O {[%emt 0:00:58]} 7. c3 {[%emt 0:00:55]} e5 {[%emt 0:04:21]} 8. d4 {[%emt 0:07:32]} cxd4 {[%emt 0:01:33]} 9. cxd4 {[%emt 0:00:12]} d6 {[%emt 0:01:39]} ({RR} 9... exd4 10. Nxd4 Qb6 11. Nb3 d5 12. Be3 d4 13. Nxd4 Qxb2 14. Nb3 Ng4 15. N1d2 Nxe3 16. Rxe3 Be6 17. Qc1 Rfd8 18. Qxb2 Bxb2 19. Rb1 Bg7 20. Nf3 b6 21. Ng5 Bc4 22. e5 Rac8 23. e6 fxe6 24. Nxe6 {½-½ Feuerstack,A (2467)-Mikaelyan,A (2519) Titled Tue 23rd Jan Early 2024 (6)}) 10. h3 {[%emt 0:08:38]} h6 $146 {[%emt 0:03:45]} ({RR} 10... Qb6 11. d5 Ne7 12. Nc3 Bd7 13. Re2 Rfc8 14. Be3 Qd8 15. Qd2 b5 16. Bh6 b4 17. Nd1 Bb5 18. Re1 a5 19. Nh4 Rc7 20. Qg5 Bxh6 21. Qxh6 Qf8 22. Qg5 Nh5 23. Ne3 Bd7 24. Ng4 Bxg4 25. hxg4 {1-0 Senlle Caride,M (2179)-Gandio Garcia,O Burgas op 16th 2007 (7.14)}) ({RR} 10... exd4 11. Nxd4 Nxd4 12. Qxd4 Be6 13. Qb4 a5 14. Qxb7 Rb8 15. Qa6 d5 16. Nc3 Nxe4 17. Nxe4 dxe4 18. Bxe4 Bxh3 19. Rb1 Rb4 20. Qc6 Rxe4 21. Rxe4 Qd1+ 22. Kh2 Bf5 23. g4 Bxe4 24. Qxe4 Qf1 25. Be3 {0-1 Terry,R (2520)-Annaberdiev,M (2504) Titled Tue 6th Jun Late 2023 (3)}) ({RR} 10... exd4 11. Nxd4 Nxd4 12. Qxd4 Be6 13. Nc3 Nd5 14. Qd3 Nxc3 15. bxc3 Qc8 16. Bb2 Bxh3 17. Qxd6 Bxg2 18. Kxg2 Rd8 19. Qf4 Qe6 20. e5 Rac8 21. Re4 b5 22. a4 Rd5 23. Qe3 Rxe5 24. Rxe5 Bxe5 25. axb5 {½-½ Michalik,P (2584)-Beck,H (2313) AUT-chT2O 1314 2013 (9.2)}) 11. Nc3 {[%emt 0:01:10]} Re8 {[%emt 0:05:19]} 12. Be3 {[%emt 0:06:53]} b6 {[%emt 0:06:06]} 13. Rc1 {[%emt 0:11:49]} a6 {[%emt 0:06:47]} 14. dxe5 {[%emt 0:04:04]} dxe5 {[%emt 0:20:38]} 15. Qxd8 {[%emt 0:03:59]} Nxd8 {[%emt 0:12:11]} 16. Na4 {[%emt 0:06:08]} Bb7 {[%emt 0:10:01]} 17. Nxb6 {[%emt 0:00:14]} Rb8 {[%emt 0:00:21]} 18. Nd2 {[%emt 0:02:19]} Ne6 {[%emt 0:08:16]} 19. Nbc4 {[%emt 0:07:36]} Ng5 {[%emt 0:08:08]} 20. Nd6 {[%emt 0:01:29]} Red8 {[%emt 0:00:42]} 21. Nxb7 {[%emt 0:00:56]} Rxb7 {[%emt 0:00:23]} 22. f4 {[%emt 0:05:02]} Ngh7 {[%emt 0:06:52]} 23. Nc4 {[%emt 0:05:09]} exf4 {[%emt 0:05:18]} 24. gxf4 {[%emt 0:02:21]} Nd7 {[%emt 0:02:31]} 25. e5 {[%emt 0:00:20]} Rbb8 {[%emt 0:00:37]} 26. b3 {[%emt 0:00:47]} Nhf8 {[%emt 0:00:30]} 27. Na5 {[%emt 0:01:41]} Re8 {[%emt 0:01:49]} 28. Nc6 {[%emt 0:00:52]} Rb5 {[%emt 0:01:47]} 29. Bf1 {[%emt 0:01:22]} Rb6 {[%emt 0:01:38]} 30. Bxb6 {[%emt 0:02:33]} Nxb6 {[%emt 0:00:09]} 31. Bxa6 {[%emt 0:00:15]} Ra8 {[%emt 0:00:49]} 32. Nb4 {[%emt 0:02:43]} Ne6 {[%emt 0:00:34]} 33. Rc6 {[%emt 0:00:26]} Nd7 {[%emt 0:00:36]} 34. Rc8+ {[%emt 0:00:20]} Rxc8 {[%emt 0:00:21]} 35. Bxc8 {[%emt 0:00:03]} Ndc5 {[%emt 0:00:11]} 36. Bxe6 {[%emt 0:00:07]} Nxe6 {[%emt 0:00:14]} 37. Nd5 {[%emt 0:00:12]} Bf8 {[%emt 0:00:35]} 38. b4 {[%emt 0:00:48]} Nd4 {[%emt 0:00:17]} 39. Kf2 {[%emt 0:01:06]} Nc2 {[%emt 0:00:28]} 40. Rc1 {[%emt 0:00:24]} 1-0

[Event "45th Olympiad Budapest 2024"]
[Site "Budapest"]
[Date "2024.09.13"]
[Round "3"]
[Board "3"]
[White "Randriatsiferana, Dimbiharentsoa Christiana"]
[Black "Berezovsky, Fiorina"]
[Result "0-1"]
[WhiteElo "1736"]
[BlackElo "1976"]
[PlyCount "64"]
[EventDate "2024.09.11"]
[EventType "team-tourn"]
[EventRounds "11"]
[EventCountry "HUN"]
[WhiteTeam "Madagascar"]
[BlackTeam "Monaco"]
[WhiteTeamCountry "MAD"]
[BlackTeamCountry "MNC"]

1. e4 {[%emt 0:00:34]} c5 {[%emt 0:00:10]} 2. Nc3 {[%emt 0:00:37]} Nc6 {[%emt 0:00:25]} 3. g3 {[%emt 0:00:50]} g6 {[%emt 0:01:32]} 4. Bg2 {[%emt 0:00:29]} Bg7 {[%emt 0:00:52]} 5. Nge2 {[%emt 0:01:14]} Nf6 {[%emt 0:01:59]} 6. O-O {[%emt 0:02:10]} d6 {[%emt 0:01:23]} 7. d3 {[%emt 0:00:45]} O-O {[%emt 0:01:34]} 8. f4 {[%emt 0:00:29]} a6 {[%emt 0:04:14]} ({RR} 8... Rb8 9. a4 a6 10. h3 Bd7 11. g4 b5 12. axb5 axb5 13. Ng3 b4 14. Nb1 Nd4 15. Nd2 b3 16. Nxb3 Nxb3 17. cxb3 Be6 18. Ra3 Qb6 19. Kh1 Bxb3 20. Qe2 Qb5 21. Bd2 Ra8 22. Rxa8 Rxa8 23. Bc3 {0-1 Starostits,I (2474)-Van Wely,L (2655) Liepajas Rokade rapid 2005 (9)}) 9. a4 {[%emt 0:01:55]} Qc7 {[%emt 0:03:16]} ({RR} 9... Rb8 10. h3 Bd7 11. g4 Ne8 12. f5 b5 13. axb5 axb5 14. g5 Be5 15. Bf4 Nc7 16. Bxe5 Nxe5 17. Nf4 b4 18. Ncd5 Nxd5 19. Nxd5 Bc6 20. f6 Bxd5 21. exd5 exf6 22. gxf6 Nd7 23. Qf3 Kh8 24. Qf4 {1-0 Larina,M (1948)-Tworuszka,M (2260) Titled Tue 10th Jan Early 2023 (3)}) 10. h3 {[%emt 0:02:24]} Nd4 $146 {[%emt 0:05:13]} ({RR} 10... e6 11. g4 Rb8 12. Ng3 b5 13. g5 Nd7 14. axb5 axb5 15. f5 Bd4+ 16. Kh2 b4 17. Nce2 exf5 18. exf5 Bh8 19. Nf4 Bb7 20. Nd5 Qd8 21. f6 Re8 22. h4 Nde5 23. Bf4 Bc8 24. Ne4 Kf8 25. Ng3 {½-½ Muller,J-Hampfler,B Spree op Berlin 1997 (7)}) ({RR} 10... e6 11. g4 Ne7 12. Ng3 Bd7 13. f5 d5 14. Qe1 Bc6 15. e5 gxf5 16. exf6 Bxf6 17. Nh5 Be5 18. Qh4 Kh8 19. Nf6 {1-0 Oster,K (1659)-Nahler,M (1726) Unterfranken-ch HT 54th 2003 (5)}) ({RR} 10... b6 11. Be3 Bb7 12. g4 Nb4 13. Bf2 Rfd8 14. Ng3 d5 15. e5 Ne8 16. Qe2 e6 17. Nd1 Rac8 18. c3 Nc6 19. Rc1 Qe7 20. d4 Nb8 21. Ne3 cxd4 22. cxd4 Qb4 23. f5 exf5 24. gxf5 Qxd4 25. Ng4 {1-0 Toth,L (1962)-Szekeres,N (1693) HUN-chT2 Szechenyi 0304 2003 (10)}) 11. g4 {[%emt 0:02:01]} e6 {[%emt 0:06:24]} 12. Ng3 {[%emt 0:00:59]} Rb8 {[%emt 0:05:19]} 13. Be3 {[%emt 0:04:38]} b5 {[%emt 0:02:17]} 14. h4 {[%emt 0:05:23]} b4 {[%emt 0:02:51]} 15. g5 {[%emt 0:01:28]} bxc3 {[%emt 0:01:27]} 16. bxc3 {[%emt 0:00:17]} Nc6 {[%emt 0:06:34]} 17. gxf6 {[%emt 0:06:05]} Bxf6 {[%emt 0:00:06]} 18. h5 {[%emt 0:00:20]} Bxc3 {[%emt 0:01:56]} 19. hxg6 {[%emt 0:00:05]} fxg6 {[%emt 0:01:22]} 20. Rb1 {[%emt 0:05:30]} Rb4 {[%emt 0:05:44]} 21. Rxb4 {[%emt 0:00:52]} Nxb4 {[%emt 0:00:33]} 22. Qb1 {[%emt 0:00:20]} d5 {[%emt 0:06:00]} 23. Ne2 {[%emt 0:00:21]} d4 {[%emt 0:03:13]} 24. Bxd4 {[%emt 0:01:13]} cxd4 {[%emt 0:00:53]} 25. Nxc3 {[%emt 0:01:29]} Qxc3 {[%emt 0:00:13]} 26. Rf2 {[%emt 0:00:26]} e5 {[%emt 0:02:05]} 27. f5 {[%emt 0:05:38]} gxf5 {[%emt 0:00:14]} 28. Bh3 {[%emt 0:00:36]} f4 {[%emt 0:01:38]} 29. Bxc8 {[%emt 0:00:15]} Rxc8 {[%emt 0:00:22]} 30. Qd1 {[%emt 0:00:11]} Rc7 {[%emt 0:03:52]} 31. Qh5 {[%emt 0:01:19]} Qe1+ {[%emt 0:06:22]} 32. Kg2 {[%emt 0:01:51]} Rg7+ {[%emt 0:00:18]} 0-1

[Event "45th Olympiad Budapest 2024"]
[Site "Budapest"]
[Date "2024.09.13"]
[Round "3"]
[Board "2"]
[White "Raymundo, Deycy Daniela"]
[Black "Roy, Ali"]
[Result "0-1"]
[WhiteElo "1728"]
[BlackElo "1961"]
[PlyCount "120"]
[EventDate "2024.09.11"]
[EventType "team-tourn"]
[EventRounds "11"]
[EventCountry "HUN"]
[WhiteTeam "Guatemala"]
[BlackTeam "Scotland"]
[WhiteTeamCountry "GUA"]
[BlackTeamCountry "SCO"]

1. e4 e6 {[%emt 0:00:06]} 2. d4 {[%emt 0:00:03]} d5 {[%emt 0:00:08]} 3. exd5 {[%emt 0:00:03]} exd5 {[%emt 0:00:08]} 4. Bd3 {[%emt 0:00:04]} Nf6 {[%emt 0:00:22]} 5. Nf3 {[%emt 0:00:12]} Be7 {[%emt 0:00:53]} 6. h3 {[%emt 0:00:33]} Nc6 {[%emt 0:02:26]} ({RR} 6... b6 7. O-O O-O 8. Re1 Nbd7 9. Bf4 c5 10. c3 Bb7 11. Nbd2 Rc8 12. Rc1 Nb8 13. Bf5 Nbd7 14. Ne5 cxd4 15. cxd4 Rxc1 16. Qxc1 Nxe5 17. Bxe5 Bd6 18. Nf3 Ne4 19. Qf4 Re8 20. Bxd6 Nxd6 21. Rxe8+ {1-0 Martinez,V (1728)-Avila,F (1437) 98th ch-ARG Semi-Final 2023 (5.54)}) 7. c3 {[%emt 0:00:51]} O-O {[%emt 0:01:35]} 8. O-O {[%emt 0:00:05]} Be6 $146 {[%emt 0:03:36]} ({RR} 8... Ne4 9. Bf4 Bd6 10. Bxd6 Qxd6 11. Re1 f5 12. Ne5 Nxe5 13. dxe5 Qb6 14. Bxe4 dxe4 15. Qb3+ Be6 16. Qxb6 axb6 17. Na3 Ra5 18. Red1 Rxe5 19. Nc2 Rd5 20. Rxd5 Bxd5 21. b3 Ra8 22. Rd1 Be6 23. Nd4 {0-1 Furman,M (1610)-Bujna,M (1841) Drienica Saris op 2020 (7)}) ({RR} 8... Ne4 9. Bf4 f5 10. Ne5 Nxe5 11. Bxe5 Bd6 12. f4 Bxe5 13. fxe5 Qg5 14. Rf3 Be6 15. b4 c6 16. a3 Bf7 17. Qe1 Bh5 18. Rf1 Ng3 19. Rf2 f4 20. Raa2 f3 21. Nd2 Ne2+ 22. Kh1 Qe3 23. Bxe2 {0-1 Ordu,A (1558)-Dickmann,H (1754) GER Seniors Derby 08th 2009 (1.18)}) ({RR} 8... a5 9. a4 Ne8 10. Qc2 g6 11. Nbd2 Nd6 12. Re1 Bf5 13. Ne5 Bf6 14. Bxf5 Nxf5 15. Ndf3 Nh4 16. Bf4 Nxe5 17. Nxe5 Bg7 18. Re2 Re8 19. Rae1 Bxe5 20. Bxe5 Qg5 21. Bg3 Rxe2 22. Qxe2 c6 23. Qe7 {1-0 Lopez Ziegler,C (1913)-Cano Cabanillas,J (2007) Madrid-ch sf-B 2013 (5)}) 9. Bg5 {[%emt 0:00:55]} Re8 {[%emt 0:06:22]} 10. Re1 {[%emt 0:02:54]} h6 {[%emt 0:07:43]} 11. Bh4 {[%emt 0:03:37]} Nh5 {[%emt 0:05:53]} 12. Bxe7 {[%emt 0:17:25]} Qxe7 {[%emt 0:00:21]} 13. Nbd2 {[%emt 0:04:43]} Nf4 {[%emt 0:07:21]} 14. Bf5 {[%emt 0:07:56]} Qf6 {[%emt 0:01:13]} 15. Bxe6 {[%emt 0:04:02]} Rxe6 {[%emt 0:00:57]} 16. Rxe6 {[%emt 0:09:32]} Qxe6 {[%emt 0:01:27]} 17. Nf1 {[%emt 0:07:06]} Re8 {[%emt 0:09:15]} 18. Ng3 {[%emt 0:02:27]} Qf6 {[%emt 0:16:24]} 19. Qd2 {[%emt 0:07:06]} Nxh3+ {[%emt 0:01:36]} 20. gxh3 {[%emt 0:04:22]} Qxf3 {[%emt 0:00:06]} 21. Re1 {[%emt 0:02:01]} Rxe1+ {[%emt 0:01:55]} 22. Qxe1 {[%emt 0:00:04]} Kf8 {[%emt 0:01:57]} 23. Qd2 {[%emt 0:02:30]} Ne7 {[%emt 0:03:21]} 24. Qe3 {[%emt 0:15:51]} Qxe3 {[%emt 0:01:39]} 25. fxe3 {[%emt 0:00:04]} f5 {[%emt 0:00:28]} 26. Nh5 {[%emt 0:01:27]} Kf7 {[%emt 0:04:42]} 27. Nf4 {[%emt 0:00:58]} g5 {[%emt 0:02:50]} 28. Nd3 {[%emt 0:02:11]} b6 {[%emt 0:08:05]} 29. Ne5+ {[%emt 0:00:42]} Ke6 {[%emt 0:00:31]} 30. Kf2 {[%emt 0:00:37]} c5 {[%emt 0:03:21]} 31. b3 {[%emt 0:01:46]} cxd4 {[%emt 0:03:40]} 32. cxd4 {[%emt 0:00:23]} h5 {[%emt 0:02:01]} 33. Kf3 {[%emt 0:01:21]} g4+ {[%emt 0:00:35]} 34. hxg4 {[%emt 0:02:53]} fxg4+ {[%emt 0:00:16]} 35. Kf4 {[%emt 0:00:27]} Nf5 {[%emt 0:00:57]} 36. Nd3 {[%emt 0:00:45]} g3 {[%emt 0:00:33]} 37. Ne1 {[%emt 0:00:32]} h4 {[%emt 0:00:30]} 38. Kg4 {[%emt 0:00:32]} Nxe3+ {[%emt 0:01:19]} 39. Kxh4 {[%emt 0:00:23]} g2 {[%emt 0:02:12]} 40. Nf3 {[%emt 0:00:08]} Kf5 {[%emt 0:00:50]} 41. Kg3 {[%emt 0:00:50]} Ke4 {[%emt 0:02:01]} 42. Kf2 {[%emt 0:02:16]} a5 {[%emt 0:01:53]} 43. Kg3 {[%emt 0:18:50]} Nf5+ {[%emt 0:05:38]} 44. Kxg2 {[%emt 0:02:43]} Nxd4 {[%emt 0:00:04]} 45. Ne1 {[%emt 0:00:40]} Nb5 {[%emt 0:01:54]} 46. Kf2 {[%emt 0:02:32]} Nc3 {[%emt 0:00:15]} 47. a4 {[%emt 0:00:37]} d4 {[%emt 0:02:24]} 48. Nf3 {[%emt 0:00:18]} Nd1+ {[%emt 0:02:32]} 49. Ke2 {[%emt 0:02:58]} d3+ {[%emt 0:00:59]} 50. Kd2 {[%emt 0:00:08]} Kxf3 {[%emt 0:00:43]} 51. Kxd3 {[%emt 0:00:03]} Ne3 {[%emt 0:01:37]} 52. Kd4 {[%emt 0:03:37]} Nc2+ {[%emt 0:02:38]} 53. Kc4 {[%emt 0:01:31]} Nb4 {[%emt 0:00:18]} 54. Kb5 {[%emt 0:00:35]} Nd5 {[%emt 0:00:15]} 55. Kc6 {[%emt 0:00:29]} Ke4 {[%emt 0:00:05]} 56. Kd6 {[%emt 0:00:31]} Kd4 {[%emt 0:01:01]} 57. Kc6 {[%emt 0:00:30]} Kc3 {[%emt 0:02:15]} 58. Kxd5 {[%emt 0:00:28]} Kxb3 {[%emt 0:00:04]} 59. Kc6 {[%emt 0:00:13]} Kxa4 {[%emt 0:00:03]} 60. Kxb6 {[%emt 0:00:05]} Kb4 {[%emt 0:00:04]} 0-1

[Event "45th Olympiad Budapest 2024"]
[Site "Budapest"]
[Date "2024.09.13"]
[Round "3"]
[Board "4"]
[White "Mazariegos, Silvia Carolina"]
[Black "Bhatia, Kanishka"]
[Result "0-1"]
[WhiteElo "1878"]
[BlackElo "1908"]
[PlyCount "54"]
[EventDate "2024.09.11"]
[EventType "team-tourn"]
[EventRounds "11"]
[EventCountry "HUN"]
[WhiteTeam "Guatemala"]
[BlackTeam "Scotland"]
[WhiteTeamCountry "GUA"]
[BlackTeamCountry "SCO"]

1. d4 {[%emt 0:00:04]} Nf6 {[%emt 0:00:34]} 2. e3 {[%emt 0:00:13]} d5 {[%emt 0:00:11]} 3. Bd3 {[%emt 0:00:05]} g6 {[%emt 0:00:17]} 4. Nd2 {[%emt 0:00:13]} Bg7 {[%emt 0:00:22]} 5. Qe2 {[%emt 0:00:54]} O-O {[%emt 0:01:16]} 6. f4 {[%emt 0:00:46]} c5 {[%emt 0:00:59]} ({RR} 6... Bg4 7. Ngf3 e6 8. c3 Nbd7 9. O-O c5 10. h3 Bf5 11. Ne5 Bxd3 12. Qxd3 cxd4 13. exd4 Rb8 14. a4 a6 15. b3 Rc8 16. Ba3 Re8 17. Rae1 Qc7 18. Rf3 Red8 19. Qe2 Qb6 20. Kh2 Nxe5 21. fxe5 {1-0 Vickers,K (2029)-McKellar,D (1646) San Francisco Leighton Memorial 2015 (1)}) 7. c3 {[%emt 0:01:06]} Nc6 {[%emt 0:01:17]} 8. Ngf3 {[%emt 0:01:15]} Bg4 $146 {[%emt 0:02:37]} ({RR} 8... Qb6 9. O-O Bf5 10. Bxf5 gxf5 11. Ne5 e6 12. Rf3 Rad8 13. Rh3 {½-½ Assmann,S (1851)-Niebuhr,G (1918) Niedersachsen-ch Seniors 40th 2006 (9)}) ({RR} 8... b6 9. Ne5 Qc7 10. O-O Ne8 11. Rb1 Nd6 12. b4 f6 13. Nxc6 Qxc6 14. e4 dxe4 15. Nxe4 Bb7 16. Re1 cxd4 17. cxd4 f5 18. Nxd6 Bxd4+ 19. Kf1 exd6 20. b5 Qe8 21. Qd2 Qf7 22. Ba3 Qd5 23. Re7 {1-0 Wollsdorf,F (1800)-Silberhorn,H (1985) Regionalliga SW 9495 1994 [6]}) ({RR} 8... Qc7 9. O-O cxd4 10. Nxd4 e5 11. Nxc6 bxc6 12. fxe5 Qxe5 13. Nf3 Qc7 14. Qc2 Re8 15. h3 Be6 16. Qf2 Ne4 17. Bxe4 dxe4 18. Nd2 f5 19. Re1 Be5 20. Nf1 Rab8 21. Qc2 Bc4 22. Bd2 Red8 23. b3 {½-½ Assmann,S (1999)-Oud,N (1998) Hessen-ch Seniors op 10th 2014 (7)}) 9. O-O {[%emt 0:01:30]} Nh5 {[%emt 0:05:54]} 10. Qf2 {[%emt 0:01:44]} cxd4 {[%emt 0:02:12]} 11. cxd4 {[%emt 0:05:59]} Bd7 {[%emt 0:02:00]} 12. Ne5 {[%emt 0:18:36]} Nf6 {[%emt 0:07:40]} 13. h3 {[%emt 0:05:41]} Nb4 {[%emt 0:01:45]} 14. Bb1 {[%emt 0:01:23]} Bb5 {[%emt 0:00:55]} 15. Re1 {[%emt 0:02:48]} Nd7 {[%emt 0:00:50]} 16. Ndf3 {[%emt 0:11:04]} Nxe5 {[%emt 0:01:01]} 17. Nxe5 {[%emt 0:02:29]} Bxe5 {[%emt 0:02:55]} 18. dxe5 {[%emt 0:03:07]} Nd3 {[%emt 0:01:42]} 19. Qe2 {[%emt 0:18:06]} Nxe1 {[%emt 0:05:28]} 20. Qxb5 {[%emt 0:00:06]} Rc8 {[%emt 0:00:31]} 21. Bd2 {[%emt 0:00:13]} Nc2 {[%emt 0:01:01]} 22. Qb3 {[%emt 0:05:03]} Nxa1 {[%emt 0:00:36]} 23. Qd3 {[%emt 0:01:15]} Qb6 {[%emt 0:02:49]} 24. Bc3 {[%emt 0:02:43]} Rxc3 {[%emt 0:00:30]} 25. Qxc3 {[%emt 0:00:03]} Qc6 {[%emt 0:00:21]} 26. Qd3 {[%emt 0:01:32]} Qc1+ {[%emt 0:00:23]} 27. Kh2 {[%emt 0:00:10]} Qxb2 {[%emt 0:00:08]} 0-1